English National Parks by Picture - Statistics

General Stats
  • This quiz has been taken 365 times
  • The average score is 6 of 10
Answer Stats
Picture Answer % Correct
Lake District
88%
Exmoor
69%
Peak District
69%
New Forest
62%
The Broads
56%
Dartmoor
50%
Yorkshire Dales
50%
South Downs
43%
Northumberland
42%
North York Moors
33%
No matching quizzes found
Score Distribution
Percent of People with Each Score
Percentile by Number Answered
Your Score History
You have not taken this quiz